| 000 | 01250cam a22003131i 4500 | ||
|---|---|---|---|
| 003 | SA-RiAUC | ||
| 005 | 20241223051532.0 | ||
| 008 | 241222s1991 le g b 001 0cara c | ||
| 040 |
_aJO-MaAABU _bara _cSA-RiAUC _erda |
||
| 050 | 4 | _bD43 1991 | |
| 082 | 0 | 4 | _a920.02 |
| 090 |
_a920.02 _bذ هـ ب |
||
| 100 | 1 |
_aالذهبي، محمد بن أحمد بن عثمان، _d673-748 هجري _eمؤلف. |
|
| 245 | 1 | 2 |
_aالإعلام بوفيات الأعلام / _cشمس الدين محمد بن أحمد الذهبي ؛ تحقيق رياض عبد الحميد مراد، عبد الجبار زكار. |
| 250 | _aطالأولى. | ||
| 264 | 1 |
_aبيروت : _bدار الفكر المعاصر، _c1991 |
|
| 300 |
_a556 صفحة ؛ _c25 سم |
||
| 336 |
_aنص _btxt _2rdacontent _3كتاب |
||
| 337 |
_aبدون وسيط _bn _2rdamedia |
||
| 338 |
_aمجلد _bnc _2rdacarrier |
||
| 500 | _aيشتمل على كشافات. | ||
| 504 | _aببليوجرافية : صفحة 317-324. | ||
| 590 | _aعمر. | ||
| 650 | 7 |
_aتراجم _2aucsh |
|
| 700 | 1 |
_aمراد، رياض عبد الحميد _eمحقق. |
|
| 700 | 1 |
_aزكار، عبد الجبار _eمحقق. |
|
| 942 |
_2ddc _cBOOK _n0 |
||
| 949 |
_aSA-JeALM _d241222 _umohamedma123 _n1 |
||
| 999 |
_c3784 _d3784 |
||